| 000 | 00425nam a2200145Ia 4500 | ||
|---|---|---|---|
| 008 | 151015s9999 xx 000 0 und d | ||
| 020 | _a70273979 | ||
| 050 | _aTK 454 .H4 1986 | ||
| 245 | _aHayt William H. | ||
| 250 | _a_Engineering Circuit Analysis / william H. Hayt | ||
| 300 | _aNew York : McGraw Hill, 1986 | ||
| 500 | _aIncludes index | ||
| 650 | _a_Elecric Circiut Analysis | ||
| 700 | _a^d20130528 03:54:24^oanne | ||
| 999 |
_c4615 _d4615 |
||